000 01222nam2a2200241 4500
001 rc\2651915
005 20260315043122.0
035 _a(NLR Aleph) 006959377
090 _a13563501
_c13563501
100 _a20110610d1931 u y0rusy50 ca
101 0 _arus
102 _aRU
105 _aa z |||||
200 0 _aЧ. 2
210 _aЛенинград
_aМосква
_cОгиз
_cГос. мед. изд-во
_d1931
_eЛенинград
_gтип. Печатный двор
215 _a448 с.
_cил.
320 _aБиблиография: "Литературный указатель" (с. 421-26)
461 0 _1001rc\2651913
_12000#$aОсновы фармакологии ...$eЧ. 1-2$fакад. Н.П. Кравков$gС предисл. акад. И.П. Павлова$vЧ. 2
_1700#1$aКравков$bН.П.$gНиколай Павлович$f1865-1924
_95327762
_aКравков, Н.П. (1865-1924)
_cМосква
_d1930-1931
_e13-е изд. перераб. проф. В. В. Савичем
_fакад. Н.П. Кравков
_nГос. изд-во
_oЧ. 1-2
_tОсновы фармакологии ...
_vЧ. 2
801 0 _aRU
_bNLR
_gpsbo
801 1 _aRU
_bELAR
_2rusmarc
852 _aNLR
_j30.19/754(2)
942 _cUNSPEC
980 _aNB